[Event "Preferente Aragonesa 2024 - Grupo I"]
[Site "?"]
[Date "2024.02.10"]
[Round "3.41"]
[White "Salamero Pelay, Fernando"]
[Black "Zambrana Petisme, Ramiro"]
[Result "1/2-1/2"]
[WhiteElo "2043"]
[BlackElo "2112"]
[PlyCount "103"]
[GameId "2166508121608431"]
[EventDate "2024.01.27"]
[WhiteTeam "Atletismo Huesca"]
[BlackTeam "Palacio De Pioneros B"]

1. e4 c5 2. Nf3 Nc6 3. Nc3 g6 4. d4 cxd4 5. Nxd4 Bg7 6. Be3 Nf6 7. Nb3 O-O 8. Be2 d6 9. f4 Be6 10. g4 Rc8 11. f5 Bxb3 12. axb3 d5 13. exd5 Nb4 14. Bf3 Nfxd5 15. Nxd5 Nxc2+ 16. Kf2 Nxa1 17. Qxa1 Rc2+ 18. Kg3 Be5+ 19. Kh3 e6 20. Qd1 Rxb2 21. Bd4 exd5 22. Bxe5 Ra2 23. Qd4 f6 24. Bf4 Kg7 25. g5 Qb6 26. gxf6+ Rxf6 27. Be5 Qxd4 28. Bxd4 Rd2 29. Rd1 Rxd4 30. Rxd4 Rxf5 31. Bxd5 Re5 32. Kg2 Re7 33. Kg3 Kf6 34. Rh4 Rd7 35. Bg8 h5 36. Rf4+ Kg7 37. Bc4 a6 38. h4 b5 39. Be6 Rd6 40. Re4 Rd3+ 41. Kf4 Kf6 42. Bc8 Rxb3 43. Re6+ Kg7 44. Rxa6 b4 45. Rb6 Rc3 46. Be6 b3 47. Bxb3 Rh3 48. Kg5 Rg3+ 49. Kf4 Rg4+ 50. Kf3 Rxh4 51. Bc2 Rg4 52. Bxg6 1/2-1/2

[Event "Preferente Aragonesa 2024 - Grupo I"]
[Site "?"]
[Date "2024.02.10"]
[Round "3.42"]
[White "Colom Sienes, Eduardo"]
[Black "Gella Lopez, Angel"]
[Result "1/2-1/2"]
[WhiteElo "2070"]
[BlackElo "1988"]
[PlyCount "101"]
[GameId "2166508121768176"]
[EventDate "2024.01.27"]
[WhiteTeam "Palacio De Pioneros B"]
[BlackTeam "Atletismo Huesca"]

1. a3 d5 2. Nf3 Nf6 3. g3 e6 4. Bg2 Be7 5. d3 O-O 6. O-O c5 7. c4 Nc6 8. Nc3 d4 9. Na4 e5 10. Rb1 Re8 11. Bg5 Nd7 12. Bxe7 Qxe7 13. e3 e4 14. dxe4 dxe3 15. fxe3 Qxe4 16. Nc3 Qg6 17. Nd5 Nb6 18. Nh4 Qh6 19. Nc7 Be6 20. Nxa8 Qxe3+ 21. Kh1 Rxa8 22. Nf5 Bxf5 23. Rxf5 Nd4 24. Rxc5 Ne6 25. Rf5 Nxc4 26. Qd7 Ne5 27. Qxb7 Rf8 28. Rbf1 Nd4 29. Rxe5 Qxe5 30. Qxa7 Ne2 31. b4 h5 32. Qc5 Qb2 33. Qxh5 g6 34. Qf3 Nc3 35. Bh3 Qxa3 36. Be6 Qa8 37. Qxa8 Rxa8 38. Rxf7 Re8 39. Re7+ Kf8 40. Rf7+ Kg8 41. Re7+ Kf8 42. Rxe8+ Kxe8 43. Kg2 Ke7 44. Bc4 Kf6 45. Kf3 Ke5 46. Kg4 Ne4 47. Bf7 Kf6 48. Bd5 Nf2+ 49. Kf3 Nd3 50. Be4 Nxb4 51. Bb7 1/2-1/2

[Event "Preferente Aragonesa 2024 - Grupo I"]
[Site "?"]
[Date "2024.02.10"]
[Round "3.43"]
[White "Laplaza Ara, Carlos"]
[Black "Gomez Salinas, Nestor"]
[Result "1/2-1/2"]
[WhiteElo "1910"]
[BlackElo "2014"]
[PlyCount "106"]
[GameId "2166508121862385"]
[EventDate "2024.01.27"]
[WhiteTeam "Atletismo Huesca"]
[BlackTeam "Palacio De Pioneros B"]

1. d4 Nf6 2. c4 g6 3. Nc3 Bg7 4. e4 d6 5. Nf3 O-O 6. Be2 Na6 7. O-O c5 8. h3 cxd4 9. Nxd4 Nc5 10. Bf3 Qb6 11. Nb3 Qb4 12. Nxc5 Qxc5 13. Qd3 Be6 14. b3 Nd7 15. Bf4 Qa5 16. Rac1 Ne5 17. Bxe5 Bxe5 18. a4 Rac8 19. Nd5 Bxd5 20. Qxd5 Qxd5 21. cxd5 Bb2 22. Rc4 Rxc4 23. bxc4 b6 24. Rb1 Bd4 25. Rd1 Bc5 26. Bg4 Rd8 27. Kf1 h5 28. Be2 Kg7 29. g3 Kf6 30. f4 h4 31. Kg2 hxg3 32. Kxg3 Rc8 33. Kg4 Rg8 34. Rf1 Bd4 35. Rd1 Bc5 36. Rf1 Rg7 37. Bd3 Bd4 38. Be2 Rh7 39. Bd3 Be3 40. Rf3 Bg1 41. Rf1 Bc5 42. Be2 Bd4 43. Rd1 Bf2 44. Rf1 Rh4+ 45. Kf3 Bd4 46. Kg3 Rh7 47. Bg4 Kg7 48. Kf3 Rh8 49. Ke2 Kf6 50. Kd3 Bc5 51. e5+ Kg7 52. Re1 Bf2 53. Rf1 Bc5 1/2-1/2

[Event "Preferente Aragonesa 2024 - Grupo I"]
[Site "?"]
[Date "2024.02.10"]
[Round "3.44"]
[White "Sig Vargas, Pablo"]
[Black "Pellicer Cerezuela, Miguel"]
[Result "1/2-1/2"]
[WhiteElo "1898"]
[BlackElo "2059"]
[PlyCount "35"]
[GameId "2166508121903346"]
[EventDate "2024.01.27"]
[WhiteTeam "Enroque de Barbastro"]
[BlackTeam "L'Aurora Estadilla"]

1. e4 e6 2. d4 d5 3. exd5 exd5 4. Bd3 Nf6 5. Ne2 c5 6. c3 Nc6 7. O-O c4 8. Bc2 Bd6 9. Bf4 O-O 10. Nd2 Re8 11. Bxd6 Qxd6 12. Ng3 b5 13. Re1 Rxe1+ 14. Qxe1 g6 15. Nf3 Be6 16. Ne5 Nd7 17. Nxc6 Qxc6 18. Qd2 1/2-1/2

[Event "Preferente Aragonesa 2024 - Grupo I"]
[Site "?"]
[Date "2024.02.10"]
[Round "3.45"]
[White "Cid Royo, Oscar"]
[Black "Campo Pelegrin, Ramon"]
[Result "0-1"]
[WhiteElo "1993"]
[BlackElo "1793"]
[PlyCount "71"]
[GameId "2166508121944307"]
[EventDate "2024.01.27"]
[WhiteTeam "L'Aurora Estadilla"]
[BlackTeam "Enroque de Barbastro"]

1. d4 Nf6 2. Nf3 e6 3. g3 b6 4. Bg2 Bb7 5. O-O d5 6. c4 Nbd7 7. b3 Be7 8. Bb2 O-O 9. Nc3 c5 10. Rc1 dxc4 11. bxc4 cxd4 12. Qxd4 Bc5 13. Qh4 Qe7 14. Rcd1 Rfd8 15. e4 Nf8 16. e5 Ne8 17. Ne4 Ng6 18. Qg4 h5 19. Nf6+ Nxf6 20. exf6 hxg4 21. fxe7 Bxe7 22. Nh4 Bxg2 23. Nxg2 Bf6 24. Bxf6 gxf6 25. Ne3 Ne5 26. Kg2 Rac8 27. Rfe1 Kg7 28. a4 Rh8 29. Rd4 Rxh2+ 30. Kxh2 Nf3+ 31. Kg2 Nxd4 32. Rd1 e5 33. Rh1 f5 34. Ra1 Rc5 35. Re1 f6 36. Rd1 0-1

[Event "Preferente Aragonesa 2024 - Grupo I"]
[Site "?"]
[Date "2024.02.10"]
[Round "3.46"]
[White "Rubiella Moreno, Oscar"]
[Black "Ayensa Garcia, Miguel Angel"]
[Result "0-1"]
[WhiteElo "1691"]
[BlackElo "1989"]
[PlyCount "99"]
[GameId "2166508121981172"]
[EventDate "2024.01.27"]
[WhiteTeam "Enroque de Barbastro"]
[BlackTeam "L'Aurora Estadilla"]

1. e4 c5 2. d4 cxd4 3. c3 d3 4. Bxd3 g6 5. Nf3 Bg7 6. O-O Nc6 7. c4 d6 8. h3 Nf6 9. Nc3 O-O 10. Be3 Nd7 11. Rc1 Nde5 12. Be2 Nxf3+ 13. Bxf3 Bd7 14. Qd2 Rc8 15. Be2 Re8 16. Nd5 b6 17. b3 Na5 18. Bg5 Nc6 19. Be3 Na5 20. Rfd1 Bc6 21. Bg5 Bxd5 22. exd5 Nb7 23. Bg4 Rc7 24. b4 h5 25. Be2 Qc8 26. Be3 Nd8 27. a3 f5 28. Bd4 Nf7 29. Bxg7 Kxg7 30. Qd4+ Kh7 31. f4 e5 32. dxe6 Qxe6 33. Bf3 Qe3+ 34. Qxe3 Rxe3 35. Bd5 Nd8 36. a4 Rce7 37. c5 bxc5 38. bxc5 dxc5 39. Bg8+ Kxg8 40. Rxd8+ Kf7 41. Rxc5 R3e4 42. Ra5 Rxf4 43. Ra8 Re1+ 44. Kh2 h4 45. R5xa7+ Kf6 46. Ra6+ Kg5 47. Rg8 Rff1 48. Raxg6+ Kf4 49. g3+ Kf3 50. gxh4 0-1

[Event "Preferente Aragonesa 2024 - Grupo I"]
[Site "?"]
[Date "2024.02.10"]
[Round "3.47"]
[White "Fuentes Espuna, Juan Antonio"]
[Black "Olivares Clusa, Francisco Jose"]
[Result "1-0"]
[WhiteElo "1914"]
[BlackElo "1576"]
[PlyCount "24"]
[GameId "2166508122013941"]
[EventDate "2024.01.27"]
[WhiteTeam "L'Aurora Estadilla"]
[BlackTeam "Enroque de Barbastro"]

1. d4 e5 2. c3 Nf6 3. g3 e4 4. Bg2 Be7 5. Bg5 d5 6. Bxf6 Bxf6 7. e3 O-O 8. Ne2 Bf5 9. Qb3 b6 10. Nd2 Nc6 11. Nf4 Ne7 12. h4 Qd6 1-0

[Event "Preferente Aragonesa 2024 - Grupo I"]
[Site "?"]
[Date "2024.02.10"]
[Round "3.48"]
[White "Garcia Alriols, Jesus"]
[Black "Munoz Valles, Jorge"]
[Result "0-1"]
[WhiteElo "1782"]
[BlackElo "2001"]
[PlyCount "84"]
[GameId "2166508122083574"]
[EventDate "2024.01.27"]
[WhiteTeam "Binefar"]
[BlackTeam "El Olivar C"]

1. e4 c6 2. Ne2 d5 3. e5 Bf5 4. Ng3 Bg6 5. h4 h6 6. h5 Bh7 7. e6 fxe6 8. d4 Qd6 9. f4 Nf6 10. Bd3 Bxd3 11. Qxd3 Nbd7 12. Qg6+ Kd8 13. O-O c5 14. c3 cxd4 15. cxd4 Qb6 16. Be3 e5 17. Nf5 exf4 18. Bxf4 e6 19. Nh4 Qxd4+ 20. Kh1 e5 21. Nc3 exf4 22. Nf5 Qb6 23. Rae1 Ne4 24. Qf7 Qf6 25. Qxd5 Ng3+ 26. Nxg3 Qh4+ 27. Kg1 Bc5+ 28. Qxc5 Nxc5 29. Nf5 Qg4 30. Rd1+ Kc8 31. Nb5 Kb8 32. Rd5 Ne6 33. Nbd6 Rf8 34. Rf3 Nc7 35. Rb3 b6 36. Re5 Qd1+ 37. Kh2 Qxh5+ 38. Kg1 g6 39. Re7 gxf5 40. Rd7 Rg8 41. Rc3 f3 42. Kf2 fxg2 0-1

[Event "Preferente Aragonesa 2024 - Grupo I"]
[Site "?"]
[Date "2024.02.10"]
[Round "3.49"]
[White "De La Riva Fernandez, Eduardo"]
[Black "Bonet Herbera, Isabel"]
[Result "0-1"]
[WhiteElo "1743"]
[BlackElo "1780"]
[PlyCount "23"]
[GameId "2166508122124535"]
[EventDate "2024.01.27"]
[WhiteTeam "El Olivar C"]
[BlackTeam "Binefar"]

1. e4 e5 2. Nc3 Nf6 3. f4 d5 4. fxe5 Nxe4 5. d3 Nxc3 6. bxc3 d4 7. Nf3 Nc6 8. Be2 Bc5 9. c4 Qe7 10. Bg5 Bb4+ 11. Kf2 Qe6 12. Rf1 0-1

[Event "Preferente Aragonesa 2024 - Grupo I"]
[Site "?"]
[Date "2024.02.10"]
[Round "3.50"]
[White "Ballarin Corvinos, Jorge"]
[Black "Machin Torcal, Eduardo"]
[Result "1-0"]
[WhiteElo "1770"]
[BlackElo "1636"]
[PlyCount "77"]
[GameId "2166508122157304"]
[EventDate "2024.01.27"]
[WhiteTeam "Binefar"]
[BlackTeam "El Olivar C"]

1. e4 e5 2. Nf3 Nc6 3. Bc4 Be7 4. d4 d6 5. h3 Nf6 6. dxe5 Nxe5 7. Nxe5 dxe5 8. Qe2 O-O 9. O-O c6 10. Nc3 Qc7 11. Bg5 Ne8 12. Qh5 Nd6 13. Bb3 Ne8 14. f4 g6 15. Qh4 Bxg5 16. Qxg5 Ng7 17. f5 Kh8 18. fxg6 hxg6 19. Qh6+ Kg8 20. Qxg6 Qb6+ 21. Kh2 Qxb3 22. Qxg7+ Kxg7 23. axb3 a6 24. Na4 Rb8 25. Nc5 f6 26. g4 b6 27. Nxa6 Rb7 28. Nb4 Rd7 29. Rfd1 Rfd8 30. Rxd7+ Rxd7 31. Kg3 Rd4 32. Nxc6 Rxe4 33. Ra7+ Kh6 34. Rc7 Be6 35. Ne7 Re3+ 36. Kh4 Re4 37. Rc6 Bf7 38. Rxf6+ Kg7 39. Rxb6 1-0

[Event "Preferente Aragonesa 2024 - Grupo I"]
[Site "?"]
[Date "2024.02.10"]
[Round "3.51"]
[White "Fron Merchan, Fernando"]
[Black "Quintilla Alonso, Nicolas"]
[Result "1-0"]
[WhiteElo "1563"]
[BlackElo "1569"]
[PlyCount "37"]
[GameId "2166508122194169"]
[EventDate "2024.01.27"]
[WhiteTeam "El Olivar C"]
[BlackTeam "Binefar"]

1. d4 d5 2. Bf4 Nf6 3. Nf3 e6 4. e3 Bd6 5. Bg3 c5 6. c3 O-O 7. Nbd2 b6 8. Bd3 Ba6 9. Bc2 Nc6 10. e4 dxe4 11. Nxe4 Nxe4 12. Bxe4 Rc8 13. dxc5 Bxc5 14. Qa4 Bb7 15. Rd1 Qe8 16. Bxh7+ Kh8 17. Qh4 Be7 18. Qh5 g5 19. Qh6 1-0

[Event "Preferente Aragonesa 2024 - Grupo II"]
[Site "?"]
[Date "2024.02.10"]
[Round "3.52"]
[White "Hernando Garcia, Antonio"]
[Black "Cabrera Moreno, Daniel"]
[Result "1/2-1/2"]
[WhiteElo "2070"]
[BlackElo "2157"]
[PlyCount "100"]
[GameId "2166508122345722"]
[EventDate "2024.01.27"]
[WhiteTeam "El Olivar B"]
[BlackTeam "Tauste"]

1. Nf3 d5 2. c4 e6 3. cxd5 exd5 4. d4 Nf6 5. Nc3 c6 6. Bg5 Be7 7. Qc2 Bg4 8. Ne5 Bh5 9. e3 Nbd7 10. Nxd7 Nxd7 11. Bxe7 Qxe7 12. Bd3 Bg6 13. O-O O-O 14. Bxg6 hxg6 15. Rfc1 Nb6 16. Na4 Nxa4 17. Qxa4 f5 18. Re1 g5 19. Qc2 Rae8 20. f3 Qd6 21. Qf2 g4 22. Qg3 Qxg3 23. hxg3 gxf3 24. gxf3 Re6 $11 25. Kf2 Rfe8 26. Re2 Rh6 27. Kg2 Kf7 28. Rh1 Reh8 29. Rxh6 Rxh6 30. Rc2 Ke6 31. Rc3 g6 32. b4 Kd6 33. f4 Rh8 34. Rc1 a6 35. a4 Rh7 36. a5 Rh8 37. Rh1 Rxh1 38. Kxh1 Ke6 39. Kg2 Kf6 40. Kf2 Kg7 41. g4 Kh7 42. Kg2 Kg7 43. Kh2 Kh7 44. Kh3 Kg7 45. Kh4 Kh6 46. Kg3 Kg7 47. gxf5 gxf5 48. Kh4 Kh6 49. Kg3 Kg6 50. Kh4 Kh6 1/2-1/2

[Event "Preferente Aragonesa 2024 - Grupo II"]
[Site "?"]
[Date "2024.02.10"]
[Round "3.53"]
[White "Carbonel Sanchez, Andres"]
[Black "Veras Sanz, Marino"]
[Result "1-0"]
[WhiteElo "1970"]
[BlackElo "2009"]
[PlyCount "73"]
[GameId "2166508122390779"]
[EventDate "2024.01.27"]
[WhiteTeam "Tauste"]
[BlackTeam "El Olivar B"]

1. e4 c5 2. Nf3 d6 3. d4 cxd4 4. Nxd4 Nf6 5. f3 g6 6. c4 Bg7 7. Be3 O-O 8. Qd2 Nc6 9. Nc3 Nxd4 10. Bxd4 Be6 11. Be2 Nd7 12. O-O Bxd4+ 13. Qxd4 Qb6 14. Qxb6 Nxb6 15. b3 a5 16. a4 f6 17. f4 Nd7 18. Bf3 Nc5 19. Rab1 Ra7 20. Nb5 Ra6 21. Rfd1 Rb6 22. Rd2 Kg7 23. h3 g5 24. f5 Bd7 25. Kf2 Bc6 26. Ke3 h5 27. Rd4 h4 28. Bd1 Na6 29. Bc2 Rc8 30. Rbd1 Kf7 31. Rxd6 Rxb5 32. axb5 exd6 33. bxa6 Ke7 34. axb7 Bxb7 35. Ra1 Rc5 36. Bd3 Re5 37. b4 1-0

[Event "Preferente Aragonesa 2024 - Grupo II"]
[Site "?"]
[Date "2024.02.10"]
[Round "3.54"]
[White "Gracia Campo, Carlos Alberto"]
[Black "Muro Turon, Raul"]
[Result "1-0"]
[WhiteElo "2007"]
[BlackElo "1785"]
[PlyCount "81"]
[GameId "2166508122423548"]
[EventDate "2024.01.27"]
[WhiteTeam "El Olivar B"]
[BlackTeam "Tauste"]

1. e4 e5 2. Nf3 Nc6 3. Bc4 Nf6 4. d3 h6 5. O-O d6 6. h3 g5 7. Nh2 Bg7 8. Nc3 Be6 9. Nd5 Na5 10. Nxf6+ Qxf6 11. Bxe6 Qxe6 12. Qg4 O-O-O 13. c3 Nc6 14. g3 Ne7 15. f4 gxf4 16. gxf4 Bf6 17. f5 Qd7 18. Qh5 Nc6 19. Ng4 Rdg8 20. Kh2 Bg5 21. h4 f6 22. Nf2 Ne7 23. Nh3 Bxc1 24. Raxc1 Qb5 25. Qe2 d5 26. Rf2 h5 27. Rg1 Rxg1 28. Nxg1 Rg8 29. Rg2 Rxg2+ 30. Kxg2 dxe4 31. dxe4 Qa4 32. b3 Qa3 33. Qxh5 Qxa2+ 34. Ne2 Kd7 35. Kf3 Qxb3 36. Qh8 a5 37. Qxf6 Qb5 38. Qe6+ Kd8 39. f6 Qd3+ 40. Kf2 Nc6 41. f7 1-0

[Event "Preferente Aragonesa 2024 - Grupo II"]
[Site "?"]
[Date "2024.02.10"]
[Round "3.55"]
[White "Solanas Esteban, Hector"]
[Black "Bailo Remacha, Santiago"]
[Result "1/2-1/2"]
[WhiteElo "1703"]
[BlackElo "1901"]
[PlyCount "118"]
[GameId "2166508122472701"]
[EventDate "2024.01.27"]
[WhiteTeam "Tauste"]
[BlackTeam "El Olivar B"]

1. e4 c5 2. Nf3 d6 3. d4 cxd4 4. Nxd4 Nf6 5. f3 a6 6. c4 Nc6 7. Nc3 g6 8. Be3 Bg7 9. Qd2 O-O 10. Be2 Qa5 11. O-O Bd7 12. Rac1 Qh5 13. Nd5 Nxd5 14. cxd5 Nxd4 15. Bxd4 Bxd4+ 16. Qxd4 Rfc8 17. Qb6 Qg5 18. Rc3 Rxc3 19. bxc3 Rc8 20. Qd4 b5 21. Rb1 Bh3 22. Qf2 Bd7 23. Qd4 Qe5 24. Qxe5 dxe5 25. Rc1 b4 26. Bxa6 Rxc3 27. Rb1 Rc2 28. Rxb4 Rxa2 29. Rb7 Rxa6 30. Rxd7 Kf8 31. Kf2 f5 32. Kg3 fxe4 33. fxe4 Rf6 34. Ra7 Rf4 35. Ra4 g5 36. Kh3 h5 37. g3 Rf2 38. Ra8+ Kf7 39. Rh8 g4+ 40. Kh4 Rxh2+ 41. Kg5 Re2 42. Kf5 Re3 43. Rh7+ Kf8 44. Rxh5 Rxg3 45. Rg5 Rf3+ 46. Kxe5 g3 47. Ke6 Re3 48. Ke5 Kf7 49. Kf4 Re1 50. Rxg3 Kf6 51. Rh3 e5+ 52. dxe6 Rf1+ 53. Ke3 Kxe6 54. Rh6+ Ke5 55. Rh5+ Ke6 56. Ra5 Re1+ 57. Kd3 Rd1+ 58. Ke2 Rd4 59. Ke3 Rd1 1/2-1/2

[Event "Preferente Aragonesa 2024 - Grupo II"]
[Site "?"]
[Date "2024.02.10"]
[Round "3.56"]
[White "Asensio Asensio, Nicolas"]
[Black "Lacamara Pasamar, Miguel"]
[Result "1-0"]
[WhiteElo "2028"]
[BlackElo "1887"]
[PlyCount "59"]
[GameId "2166508122521854"]
[EventDate "2024.01.27"]
[WhiteTeam "Aulazenter"]
[BlackTeam "Helios B"]

1. e4 e6 2. d4 d5 3. Nc3 Bb4 4. exd5 exd5 5. Bd3 Nc6 6. a3 Ba5 7. Nge2 Nge7 8. O-O Bg4 9. h3 Bh5 10. f4 f5 11. Be3 Qd6 12. b4 Bb6 13. Qd2 Qf6 14. Rfe1 O-O-O 15. Kh1 Bxe2 16. Nxe2 Nxd4 17. Nxd4 Bxd4 18. Bxd4 Qxd4 19. Rad1 Qf6 20. Qe3 Nc6 21. b5 Rhe8 22. Qxe8 Rxe8 23. Rxe8+ Kd7 24. bxc6+ Kxe8 25. cxb7 Qb6 26. Ba6 Kd7 27. Rxd5+ Kc6 28. c4 Qf2 29. b8=N+ Kb6 30. Rb5# 1-0

[Event "Preferente Aragonesa 2024 - Grupo II"]
[Site "?"]
[Date "2024.02.10"]
[Round "3.57"]
[White "Carraminana Lopez, Luis Antonio"]
[Black "Conon, Catalin"]
[Result "0-1"]
[WhiteElo "1865"]
[BlackElo "1893"]
[PlyCount "114"]
[GameId "2166508122554623"]
[EventDate "2024.01.27"]
[WhiteTeam "Helios B"]
[BlackTeam "Aulazenter"]

1. e4 c5 2. Nf3 d6 3. Bb5+ Nd7 4. O-O a6 5. Bd3 Ngf6 6. c3 b5 7. Bc2 c4 8. b4 Bb7 9. Re1 e6 10. d4 cxd3 11. Qxd3 Be7 12. a4 bxa4 13. Nbd2 O-O 14. Nc4 Qc7 15. Na5 Rac8 16. Nxb7 Qxb7 17. Rxa4 Qb5 18. Bd2 Nb6 19. Rxa6 Nc4 20. Rea1 Qh5 21. h3 d5 22. exd5 Nxd5 23. Bb3 Nxd2 24. Bxd5 Nxf3+ 25. Bxf3 Qe5 26. Rc1 Bxb4 27. c4 Rfd8 28. Qe2 Qf4 29. Raa1 Rd2 30. Qe3 Qxe3 31. fxe3 g6 32. Kf1 Rd3 33. e4 Rd4 34. Ra7 Rdxc4 35. Rxc4 Rxc4 36. Ke2 Rc8 37. Rb7 Bc3 38. Kd3 Kg7 39. Rd7 Be5 40. Rb7 h5 41. Rb5 Rd8+ 42. Ke2 Bf4 43. Rb2 Kf6 44. Ra2 Rd7 45. Rc2 Ke5 46. Ra2 h4 47. Ra5+ Kf6 48. Ra2 Kg5 49. Ra6 Rd2+ 50. Ke1 Rb2 51. Ra5+ f5 52. Kf1 Bg3 53. Ra6 e5 54. Ra4 Bf2 55. Rc4 Bd4 56. Rc6 Kf4 57. Rxg6 Ke3 0-1

[Event "Preferente Aragonesa 2024 - Grupo II"]
[Site "?"]
[Date "2024.02.10"]
[Round "3.58"]
[White "Iravedra Ainkov, Francisco"]
[Black "Lorente Melcon, Nicolas"]
[Result "0-1"]
[WhiteElo "1861"]
[BlackElo "1853"]
[PlyCount "104"]
[GameId "2166508122595584"]
[EventDate "2024.01.27"]
[WhiteTeam "Aulazenter"]
[BlackTeam "Helios B"]

1. c4 e5 2. Nc3 Nc6 3. g3 g6 4. Bg2 Bg7 5. e4 d6 6. Nge2 f5 7. d3 h6 8. O-O Nf6 9. Rb1 a5 10. a3 O-O 11. b4 axb4 12. axb4 Rb8 13. Qb3 Kh8 14. Ba3 Be6 15. Nd5 Ne7 16. b5 b6 17. Nb4 f4 18. gxf4 exf4 19. Nxf4 Bf7 20. Na6 Rc8 21. Bh3 g5 22. Ne2 Bh5 23. Ng3 Bg4 24. Bg2 Qd7 25. Nb4 Bh3 26. Nc2 Bxg2 27. Kxg2 Ng6 28. Nf5 Nh4+ 29. Nxh4 Qg4+ 30. Kh1 Qxh4 31. Ne3 Nd7 32. Nf5 Rxf5 33. exf5 Be5 34. f4 Bxf4 35. Qb2+ Ne5 36. Qf2 Qh3 37. Qe2 Qxf5 38. Bb2 Kg8 39. Bxe5 dxe5 40. Qe4 Qe6 41. Rf2 Rf8 42. Rc2 Kg7 43. d4 Qh3 44. dxe5 Bxh2 45. Qg2 Qxg2+ 46. Kxg2 Bxe5 47. Rd1 Bd6 48. Rf2 Rxf2+ 49. Kxf2 Kg6 50. Rd5 h5 51. Kf3 g4+ 52. Kg2 h4 0-1

[Event "Preferente Aragonesa 2024 - Grupo II"]
[Site "?"]
[Date "2024.02.10"]
[Round "3.59"]
[White "Lorente Melcon, Hector"]
[Black "Morales Anadon, Tomas"]
[Result "1-0"]
[WhiteElo "1795"]
[BlackElo "1643"]
[PlyCount "55"]
[GameId "2166508122640641"]
[EventDate "2024.01.27"]
[WhiteTeam "Helios B"]
[BlackTeam "Aulazenter"]

1. e4 e6 2. d3 d5 3. Nd2 c5 4. Ngf3 Nf6 5. g3 Nc6 6. Bg2 Be7 7. O-O O-O 8. Re1 b6 9. e5 Nd7 10. Nf1 Re8 11. h4 Nf8 12. N1h2 f6 13. exf6 Bxf6 14. Ng4 e5 15. Nxf6+ Qxf6 16. Ng5 Qd6 17. Qf3 Rd8 18. Nf7 Nd4 19. Nxd6 Nxf3+ 20. Bxf3 Rxd6 21. Rxe5 Be6 22. Bg5 Kf7 23. Rae1 Re8 24. Bf4 Rc6 25. Bg4 Rec8 26. Bxe6+ Rxe6 27. Rf5+ Rf6 28. Rxd5 1-0

[Event "Preferente Aragonesa 2024 - Grupo II"]
[Site "?"]
[Date "2024.02.10"]
[Round "3.60"]
[White "Chueca Lorente, Javier"]
[Black "Ramo Frontinan, Cristobal"]
[Result "1-0"]
[WhiteElo "2175"]
[BlackElo "2310"]
[PlyCount "81"]
[GameId "2166508122673410"]
[EventDate "2024.01.27"]
[WhiteTeam "MyInvestor Casablanca C"]
[BlackTeam "Maristas"]

1. c4 Nf6 2. g3 e5 3. Bg2 d5 4. cxd5 Nxd5 5. Nc3 Nb6 6. Nf3 Nc6 7. O-O Be7 8. a3 a5 9. d3 O-O 10. Be3 Be6 11. Na4 e4 12. Ne1 exd3 13. Nxd3 Nxa4 14. Qxa4 Bd5 15. Bxd5 Qxd5 16. Rfd1 Qf5 17. Rac1 Rfd8 18. Qb3 Rab8 19. Nf4 Rxd1+ 20. Rxd1 Bd6 21. Nd5 Qe4 22. Rc1 Nd4 23. Bxd4 Qxd4 24. Nxc7 Qd2 25. Rd1 Qh6 26. Nb5 Be5 27. Qd5 Qf6 28. b3 g6 29. Rd3 Bb2 30. a4 Re8 31. e3 Qe7 32. Nd4 Qb4 33. Qd7 Re7 34. Qc8+ Kg7 35. Nb5 Be5 36. Qd8 Re6 37. Qd5 b6 38. Kg2 Qe7 39. Qd7 Qb4 40. Nd4 Rd6 41. Qg4 1-0

[Event "Preferente Aragonesa 2024 - Grupo II"]
[Site "?"]
[Date "2024.02.10"]
[Round "3.61"]
[White "Naya Sancho, Jose Ignacio"]
[Black "Ruiz Fernandez, Daniel"]
[Result "0-1"]
[WhiteElo "2102"]
[BlackElo "2031"]
[PlyCount "64"]
[GameId "2166508122718467"]
[EventDate "2024.01.27"]
[WhiteTeam "Maristas"]
[BlackTeam "MyInvestor Casablanca C"]

1. e4 e5 2. Nf3 Nc6 3. Bb5 a6 4. Ba4 Nf6 5. d3 Bc5 6. Bxc6 dxc6 7. Nbd2 Be6 8. Qe2 Nd7 9. Nc4 f6 10. Bd2 Qe7 11. O-O-O O-O-O 12. Kb1 g5 13. Rhe1 Nf8 14. Ncxe5 g4 15. Nxc6 bxc6 16. d4 Bb6 17. Qxa6+ Kb8 18. Bf4 Qb4 19. c3 Qb5 20. Qxb5 cxb5 21. Nh4 Ng6 22. Bg3 Rhe8 23. f4 gxf3 24. gxf3 Rd7 25. d5 Bh3 26. Nxg6 hxg6 27. Rd2 g5 28. f4 gxf4 29. Bxf4 Rxe4 30. Rxe4 Bf5 31. Rde2 Re7 32. d6 Rxe4 0-1

[Event "Preferente Aragonesa 2024 - Grupo II"]
[Site "?"]
[Date "2024.02.10"]
[Round "3.62"]
[White "Jaime Galeano, Alcher"]
[Black "Campo Millan, Diego"]
[Result "1/2-1/2"]
[WhiteElo "1787"]
[BlackElo "2060"]
[PlyCount "209"]
[GameId "2166508122812676"]
[EventDate "2024.01.27"]
[WhiteTeam "MyInvestor Casablanca C"]
[BlackTeam "Maristas"]

1. e4 c5 2. Nf3 e6 3. d4 cxd4 4. Nxd4 a6 5. Nc3 Qc7 6. Bd3 Nc6 7. Nxc6 dxc6 8. O-O Nf6 9. Be3 e5 10. f3 Be6 11. Qe2 Be7 12. Rad1 b5 13. Qf2 Nd7 14. a3 O-O 15. Kh1 a5 16. f4 exf4 17. Bxf4 Ne5 18. Qg3 f6 19. Bh6 Bc5 20. Ne2 Kh8 21. Bf4 Rad8 22. Ng1 Bg8 23. Nf3 Rfe8 24. Be2 Rxd1 25. Rxd1 Qe7 26. Nxe5 fxe5 27. Bg5 Qf7 28. Rf1 Qe6 29. Bg4 Qc4 30. Qd3 Qxd3 31. cxd3 Bd4 32. b4 axb4 33. axb4 c5 34. bxc5 Bxc5 35. h3 b4 36. Rb1 Ba2 37. Rb2 b3 38. Bd7 Rb8 39. Be6 Bd4 40. Rxa2 bxa2 41. Bxa2 h6 42. Be7 Rb7 43. Bd6 Rb6 44. Bc7 Rc6 45. Bb8 Rc2 46. Bc4 g6 47. Kh2 Kg7 48. Bc7 h5 49. h4 Rb2 50. Bd8 Bf2 51. Be7 Be3 52. Bd8 Rb8 53. Bc7 Re8 54. Kg3 Bd4 55. Kh2 Kf6 56. Bd6 Rd8 57. Bc7 Rd7 58. Ba5 Ke7 59. Bb4+ Kf6 60. Ba5 Be3 61. Kg3 Bc5 62. Kf3 g5 63. hxg5+ Kxg5 64. Kg3 Be3 65. Bb5 Ra7 66. Bd8+ Kh6 67. Bc4 Kg6 68. Kf3 Bd4 69. Kg3 Ra1 70. Be7 Rf1 71. Bb5 Bf2+ 72. Kh2 Rb1 73. Be8+ Kh6 74. Bf8+ Kg5 75. g3 Rb8 76. Be7+ Kh6 77. Ba4 Bd4 78. Kh3 Ra8 79. Bb5 Kg6 80. g4 hxg4+ 81. Kxg4 Rb8 82. Bc4 Rb1 83. Bd6 Rg1+ 84. Kf3 Kf6 85. Bb4 Rg7 86. Bd2 Kg6 87. Be3 Bc3 88. Bc5 Rc7 89. Bd6 Rh7 90. Kg2 Kg5 91. Ba3 Bd2 92. Bb2 Bf4 93. Ba3 Rh2+ 94. Kf3 Rh3+ 95. Kg2 Rh6 96. Bf8 Rb6 97. Kf3 Rb2 98. Bd5 Rh2 99. Bc5 Rc2 100. Bd6 Rd2 101. Bc4 Rh2 102. Bc5 Rh3+ 103. Kg2 Rg3+ 104. Kf2 Kf6 105. Bb4 1/2-1/2

[Event "Preferente Aragonesa 2024 - Grupo II"]
[Site "?"]
[Date "2024.02.10"]
[Round "3.63"]
[White "Garcia Bueno, Juan Pablo"]
[Black "Alvarez Gonzalo, Miguel Angel"]
[Result "1/2-1/2"]
[WhiteElo "1783"]
[BlackElo "1728"]
[PlyCount "73"]
[GameId "2166508122853637"]
[EventDate "2024.01.27"]
[WhiteTeam "Maristas"]
[BlackTeam "MyInvestor Casablanca C"]

1. e4 c5 2. Nf3 d6 3. Bb5+ Bd7 4. Bxd7+ Nxd7 5. O-O g6 6. c3 Bg7 7. d4 cxd4 8. cxd4 Ngf6 9. Nc3 O-O 10. Qe2 a6 11. e5 dxe5 12. dxe5 Ne8 13. e6 Nb6 14. exf7+ Rxf7 15. Ng5 Rf6 16. Ne6 Qd7 17. Re1 Rf5 18. Nxg7 Nxg7 19. Qxe7 Rf7 20. Qxd7 Nxd7 21. Bg5 Nf5 22. g4 Nd4 23. Re3 Nc2 24. Rae1 Nxe1 25. Rxe1 Nc5 26. Nd5 Kg7 27. Be3 Nd7 28. Bd4+ Kf8 29. Be3 Kg7 30. Bd4+ Kg8 31. Bc3 h6 32. Re6 Kh7 33. Bd2 Nc5 34. Nf6+ Kg7 35. Ne8+ Kh7 36. Nf6+ Kg7 37. Ne8+ 1/2-1/2